Statistics for 10 Most-Instagrammed Cities of 2013

Click here to take the quiz!

General Stats

  • This quiz has been taken 725 times
  • The average score is 7 of 10

Answer Stats

Rank Continent Answer % Correct
1North AmericaNew York City
99%
4EuropeLondon
95%
3North AmericaLos Angeles
94%
7South AmericaRio de Janeiro
88%
10North AmericaSan Francisco
76%
5South AmericaSão Paulo
67%
6EuropeMoscow
60%
2AsiaBangkok
54%
9North AmericaLas Vegas
49%
8North AmericaSan Diego
42%

Score Distribution

Percentile by Number Answered

Percent of People with Each Score

Your Score History

You have not taken this quiz